000 00550nam a22001817a 4500
005 20251108172724.0
008 250721s2003 xx 000 0 ara d
082 1 4 _a615.82/عبي
100 1 _aعبيد، جمانة
_eمؤلف
245 1 0 _aفن التدليك والمساج :
_bعالج نفسك بأصابع يديك /
264 1 _aعمان :
_bدار عالم الثقافة،
_c2003.
300 _a80ص.
650 1 7 _aالطب
650 1 7 _aالعلاج الطبيعي
650 1 7 _aالتدليك
942 _2ddc
_cBK
999 _c86835
_d86835